Normal view
MARC view
Entry Topical Term
001 - CONTROL NUMBER
- control field: 5090
003 - CONTROL NUMBER IDENTIFIER
- control field: HDC
005 - DATE AND TIME OF LATEST TRANSACTION
- control field: 20230624073210.0
008 - FIXED-LENGTH DATA ELEMENTS
- fixed length control field: 210118|| aca||aabn | a|a d
040 ## - CATALOGING SOURCE
- Original cataloging agency: HDC
- Transcribing agency: HDC
150 ## - HEADING--TOPICAL TERM
- Topical term or geographic name entry element: Drugs
- General subdivision: Dosage forms
- Form subdivision: Handbooks, manuals, etc
670 ## - SOURCE DATA FOUND
- Source citation: Work cat.: (HDC): HANDBOOK OF Pharmaceutical Manufacturing Formulations : Compressed Solid Products. VOLUME 1 /, © 2004
